000 004940000a22001810004500
003 MACL
005 20160216153057.0
008 160216b xxu||||| |||| 00| 0 eng d
040 _aMACL
_cMACL
041 _aHindi
082 _a320
100 _aयशपाल
_938516
245 _aरामराज्‍य की कथा
260 _bविपलव कार्यालय
_c1956
_aलखनउ
350 _a3
650 _aPolitical Science
_938517
942 _cHIN
_k320
_2ddc
999 _c25087
_d25087